Scientific inquiry in the Behavioral Sciences an Introducation to Staatistics / (Record no. 193881)
[ view plain ]
| 000 -LEADER | |
|---|---|
| fixed length control field | 01154 a2200169 4500 |
| 003 - CONTROL NUMBER IDENTIFIER | |
| control field | NUST |
| 005 - DATE AND TIME OF LATEST TRANSACTION | |
| control field | 20221214160156.0 |
| 040 ## - CATALOGING SOURCE | |
| Transcribing agency | Nust |
| 082 ## - DEWEY DECIMAL CLASSIFICATION NUMBER | |
| Classification number | 310,ERI |
| 100 ## - MAIN ENTRY--PERSONAL NAME | |
| Personal name | Ericksen , Gerald l |
| 9 (RLIN) | 104866 |
| 245 ## - TITLE STATEMENT | |
| Title | Scientific inquiry in the Behavioral Sciences an Introducation to Staatistics / |
| Statement of responsibility, etc. | Gerald L. Ericksen |
| 260 ## - PUBLICATION, DISTRIBUTION, ETC. | |
| Place of publication, distribution, etc. | America |
| Name of publisher, distributor, etc. | Scott |
| Date of publication, distribution, etc. | 1970 |
| 300 ## - PHYSICAL DESCRIPTION | |
| Extent | 371,p.; |
| 505 ## - FORMATTED CONTENTS NOTE | |
| Formatted contents note | The Nature of Behavioral Inquiry (Page-1), Structuring Behavioral Inquiries (Page-8), Describing Behavioral Responses (Page-21), A Basis for Experimentation with Categorical Responses (Page-52), The Binomial and Chi-Square Dis-Tributions (Page-73), The Normal Curve (Page-104), Testing Hypotheses about Single Population Means (Page-125), Testing Hypotheses about the Difference Between two Population Means (Page-156), Testing Hypotheses about Population Variances (Page-175), Extensions of Tests of Hypotheses about Population Means and Variances (Page-188), Associations Between Variables (Page-212), Some Rank Order Statistics (Page-243), Summary (Page-265), Related Topics (Page-272). |
| 650 ## - SUBJECT ADDED ENTRY--TOPICAL TERM | |
| Topical term or geographic name entry element | behavioral sciences |
| 9 (RLIN) | 104867 |
| 942 ## - ADDED ENTRY ELEMENTS (KOHA) | |
| Source of classification or shelving scheme | |
| Koha item type | Book |
| Call number prefix | 310,ERI |
| Withdrawn status | Lost status | Source of classification or shelving scheme | Damaged status | Not for loan | Permanent Location | Current Location | Shelving location | Date acquired | Full call number | Barcode | Date last seen | Price effective from | Koha item type | Public note |
|---|---|---|---|---|---|---|---|---|---|---|---|---|---|---|
| Military College of Signals (MCS) | Military College of Signals (MCS) | General Stacks | 12/12/2016 | 310,ERI | MCS5209 | 12/08/2016 | 12/12/2016 | Book | Almirah No.49, Shelf No.3 |
